| 000 | 00642cam a2200229 i 4500 | ||
|---|---|---|---|
| 001 | 316868 | ||
| 003 | OSt | ||
| 005 | 20230714084102.0 | ||
| 008 | 741025s1975 nyu 001 0 eng | ||
| 010 | _a 74018638 | ||
| 020 | _a0679505180 | ||
| 040 |
_aDLC _cDLC _dDLC |
||
| 082 | 0 | 0 |
_a364.1 _bBLO |
| 100 | 1 | _aBlock, Eugene B. | |
| 245 | 1 | 0 |
_aVoiceprinting : _bhow the law can read the voice of crime / _cby Eugene B. Block. |
| 260 |
_aNew York : _bD. McKay Co., _c[1975] |
||
| 300 |
_axii, 244 p. ; _c22 cm. |
||
| 500 | _aIncludes index. | ||
| 650 | 0 | _aVoiceprints. | |
| 906 |
_a7 _bcbc _corignew _d1 _eocip _f19 _gy-gencatlg |
||
| 942 |
_2ddc _cBK |
||
| 999 |
_c3959 _d3959 |
||